Регионална библиотека "Любен Каравелов" - Русе

Курс по творческо писане (Запис номер 134652)

MARC детайли
000 -Лидер
Контролно поле с фиксирана дължина 02532nam a2200421 c 4500
003 - Код на организацията, давaща контролен номер
Контролно поле BLK
005 - Дата и час на последна редакция
Контролно поле 20240711134950.0
008 - Елементи от данни с фиксирана дължина
fixed length control field 180409b bul|||||r ||||||| ||bul||
010 ## - Наследен системен номер
LC control number KNG00140567000
020 ## - Международен стандартен номер на книга ISBN
Международен стандартен номер на книга ISBN 978-954-28-0500-7
-- издат.: Сиела Софт енд Паблишинг
040 ## - Източник на каталожния запис
Идентификатор на билиотеката - собственик на записа BLK
041 ## - Код за език
Код за езика на текст/звукозапис или на отделно заглавие Български
Код за езика КДБФ Български
072 #7 - Код за тематичната категория
Код организация bullib
Код за тематична категория Н82
Текст Литературознание Н
080 ## - УДК
Текстов определител УДК Литературна дейност. Редактиране. Култура на речта. Стилистика. Литературна техника
УДК код - определител по УДК 808
УДК определител
УДК - код + определител 808
080 ## - УДК
Текстов определител УДК Въображение. Фантазия. Форми и граници на въображението. Творчество
УДК код - определител по УДК 159.954
УДК определител
УДК - код + определител 159.954
100 1# - Редна дума - Автор
Автор Новакович, Йосип
Авторска отговорност първи автор
R(LIN) 103692
139 ## - Редно поле
Редна дума Новакович, Йосип
Авторски знак Но - Н 85
245 10 - Сведения за заглавието
Заглавие Курс по творческо писане
Подзаглавни данни Основни принципи, ясни насоки, подкрепени с примери от творчеството на класически и съвременни автори, изобретателни упражнения и методи за оценяване на вашия напредък
Редно поле (дума) Йосип Новакович; прев. от англ. Мария Кръстева.
257 ## - Страна на издаване
Страна на създаване/издаване Съединени американски щати
260 ## - Област на издателските данни
-- София
Име на издателя, разпространителя и проч. Сиела Софт енд Паблишинг
Година на издаване 2009
300 ## - Физическа характеристика
Страници 324 с.
Размери/Мащаб 21 см
380 ## - Жанр
Жанр Литературознание
500 ## - Общи забележки
Забележка Ориг. загл. Fiction Writer's Workshop / Josip Novakovich. - Пълното име на прев. е Мария Кръстева Георгиева. - Съдържа и за авт. - Офс. изд. - Азб. показалец.
650 #4 - Допълнително описание по предмет – тема
Основно описание – тема или топоним Психология на литературното творчество
9 (RLIN) 272966
650 #4 - Допълнително описание по предмет – тема
Основно описание – тема или топоним Литературен език и стил
9 (RLIN) 275777
653 ## - Ключова дума – ненормативна
Ключова дума психология на литературното творчество
653 ## - Ключова дума – ненормативна
Ключова дума литературен език
653 ## - Ключова дума – ненормативна
Ключова дума литературна техника
653 ## - Ключова дума – ненормативна
Ключова дума литературна стилистика
659 ## - Тематичен бюлетин
Тематичен бюлетин Н
700 1# - Други автори (авторска отговорност)
Лично име Кръстева, Мария
Дати, свързани с автора 1957 - 2011
Пълна форма на името Георгиева, Мария Кръстева
9 (RLIN) 53160
852 ## - Местоположение
Форматна сигнатура Цб 258697
856 4# - Електронен адрес и достъп
Електронен формат pdf - файл
Път до файла /url/
856 4# - Електронен адрес и достъп
Електронен формат pdf - файл
Път до файла /url/
942 ## - АРТИКУЛИ
Вид на библиотечния материал Книги
Скрит в OPAC Не
Koha issues (borrowed), all copies 1
944 ## - СЪЗДАВАНЕ И РЕДАКЦИЯ на ЗАПИСА
Създаване/Редакция Създаване
Дата на регистрацията/редакция 12.03.2013
Статус, дата на статуса Геновева Генчева
Служител, извършил регистрацията/редакцията 30560
944 ## - СЪЗДАВАНЕ И РЕДАКЦИЯ на ЗАПИСА
Създаване/Редакция Редакция
Дата на регистрацията/редакция 07.04.2017
Статус, дата на статуса ф /
Служител, извършил регистрацията/редакцията Теодора_Стоянова
999 ## - СИСТЕМНИ КОНТРОЛНИ НОМЕРА
Koha biblionumber 134652
Koha biblioitemnumber 134652
Наличности
Код за отписване Код за изгубен артикул Код за повреда Коз за рестрикции Код за отдаване Артикулен № Име на библиотеката - собственик Име на библиотеката, в която се намира в момента Статус (Текущо местоположение) Дата на вписване в системата Местоположение - отдел Цена в лева Инвентарен номер Систематично азбучна сигнатура Баркод Номер на екземпляра Цена в евро Служебна бележка Служебен тип на артикула
  Не е изгубен Не е повреден без рестрикции ползва се в читалня 220144 Регионална библиотека "Любен Каравелов" Русе Регионална библиотека "Любен Каравелов" Русе Читалня 2013-03-11 Читалня 8.40 120000764872 Ч 82.0/Н 85 120000764872 1 4.29 Дост: Pk Вид: Ф N: 423 Дата: 03.03.2013 Дата инв: 03.04.2017 Бележки инв: Ч2017 Книги
Vip Innovations Ltd, Rousse, Bulgaria 2025